000 00574nam a22001337a 4500
040 _cRUA
082 _aAGR HO 2012 B052 Or.1
100 _aHO CHEA
245 _aControlling of insect and disease on tomato productivity,(វិធានការកម្ចាត់សត្វល្អិតចង្រៃ និងជំងឺនៅលើផលិតដំណាំប៉េងបោះ)
260 _aphnom penh
_bRUA
_c2012
300 _axiii, 54p.
_cill.
856 _uhttps://drive.google.com/file/d/11RhVaB9RkR6YU1AMFwLTyh4kysPoXHzs/view?usp=sharing
942 _cAGR
999 _c1222
_d1222